000 00915nas a2200277 4500
001 BR9702370
003 BR-BrBNA
005 20231205100207.0
007 ta
008 230509b bl.|||p| |||| 00| 00por d
040 _aBR-BrBNA
_bpor
_cBiblioteca Nacional de Agricultura
041 _a(Pt)
072 _aF04
100 1 _aLira, M. de A.
100 1 _aDubeux Junior, J.C.B.
100 1 _aFernandes, A. de P.M.
100 1 _aFarias, I.
245 1 _aEstudo da estabilidade de producao do capim-pangola (Digitaria decumbens, Stent.), submetido a adubacoes nitrogenada e fosfatada
650 _aCapim Pangola
650 _aFertilizante Nitrogenado
650 _aFertilizante Fosfatado
650 _aMateria Seca
773 0 _tRevista da Sociedade Brasileira de Zootecnia (Brazil)
_x
_g(May-Jun 1994), v. 23(3) p. 402-411
_wBR9702370
909 _a202311
_bLúcia
_c55
_dLúcia Elande
942 _2AGRIS
_n0
_cANA
999 _c154697
_d154697